01359nas a2200349 4500001001000000003000900010005001700019007000300036008003400039040005400073041000900127072000800136100002200144100002000166100001700186100001500203245018600218246017700404650002000581650001000601650001200611650001400623650001200637650001800649650001600667650002200683773007900705909004000784942001800824999001900842952014800861BR8000782BR-BrBNA20231205084130.0ta230509b bl.|||p| |||| 00| 00por d aBR-BrBNAbporcBiblioteca Nacional de Agricultura a(Pt) aH101 aSilveira Neto, S.1 aTarrago, M.F.S.1 aCarvalho, S.1 aBarbin, D.1 aInfluencia da vegetacao e de fatores meteorologicos na flutuacao populacional das lagartas do cartucho e da espiga do milho em Santa Maria - RS [Zea mays; Rio Grande do Sul; Brasil]1 aInfluence of meteorological and vegetation factors on population fluctuation of the fall armyworm and corn earworm in Santa Maria R.S. [Zea mays; Rio Grande do Sul; Brazil] aPraga de planta aMilho aLagarta aArmadilha aCaptura aMeio ambiente aSanta Maria aRio Grande do Sul0 tCientifica (Brazil)xISSN 0100-0039g(1979), v. 7(2) p. 183-190wBR8000782 a202311bLúciac55dLúcia Elande 2AGRISn0cANA c103322d103322 002AGRIS4071a41918b41918cPeriódicos Agrícolash(1979), v. 7(2) p. 183-190l0r2023-11-29t01yCRePortaria Interministerial nº 164/94